Culture Générale - Série 1735 - Statistiques

Statistiques générales
  • Ce quiz a été pris 128 fois
  • Le résultat moyen est 5 sur 10
Statistiques - réponses
Question Réponse % Correct
Selon la chanson de Jacques Dutronc, quelle ville s'éveille à 5 heures ? Paris
95%
Quelle île grecque est à la fois la plus grande et la plus au sud ? Crète
81%
Quelle est la plus grande organisation internationale de coopération policière ? Interpol
80%
Quelle femme a été la première à présider le Parlement européen ? Simone Veil
54%
Quel commissaire de série télévisée a deux filles (Sarah et Babou) et travaille avec les inspecteurs Motta et N'Guma ? Julie Lescaut
47%
A quelle ville sont administrativement rattachées les îles Porquerolles et Port-Cros ? Hyères
44%
Quel état australien est un archipel comptant plus de 300 îles ? Tasmanie
39%
Lequel des frères Marx est muet dans tous les films où il joue ? Harpo
30%
Dans True Grit, remake de 100 dollars pour un shérif, Jeff Bridges reprend le rôle joué par qui, à l'origine ? John Wayne
20%
À quelle célèbre plage australienne la couleur bleue des premiers iMac d'Apple doit-elle son nom ? Bondi
5%
Aucun quiz correspondant
Distribution des résultats
% des personnes avec chaque résultat
Percentile par nombre de réponses
Votre historique - résultats
Vous n’avez pas pris ce quiz